Open Data Biblioteca Nacional de Portugal


República Portuguesa: Ministério da Cultura
Biblioteca Nacional de Portugal

Catálogo da BNP: acesso por Identificadores Unívocos
Registos Bibliográficos associados ao registo de autoridade

Etiqueta de registo: 00000nam 2200025 450
001 1987446
003 http://id.bnportugal.gov.pt/bib/catbnp/1987446
100 ## $a20180409d2017 k y0pory01030103ba
101 0# $aeng$dpor
102 ## $aPT
105 ## $aa m 000yy
106 ## $ar
200 1# $aSecure and safe virtualization-based framework for embedded systems development$fSandro Emanuel Salgado Pinto$gorient. Jorge Miguel Nunes dos Santos Cabral, Adriano José Conceição Tavares
210 #9 $a[S.l.$cs.n.],$d2017
215 ## $aXXII, 218 p.$cil.$d30 cm
328 #1 $aTese dout. Engenharia Electrónica e de Computadores, Escola de Engenharia, Univ. do Minho, 2017
675 ## $a004.05(043)$vBN$zpor$31239909
675 ## $a004.7(043)$vBN$zpor$3918097
700 #1 $aPinto,$bSandro Emanuel Salgado$31709779
702 #1 $aCabral,$bJorge Miguel Nunes dos Santos$4727$31709677
702 #1 $aTavares,$bAdriano José da Conceição,$f1964-$4727$3123603
801 #0 $aPT$bBN$gRPC
966 ## $lBN$mFGMON$sP. 50478 V.$x1

Etiqueta de registo: 00000nam 2200025 450
001 2289419
003 http://id.bnportugal.gov.pt/bib/catbnp/2289419
100 ## $a20260702d2024 k y0pory01030103ba
101 0# $aeng$dpor
102 ## $aPT
105 ## $aa m 000yy
106 ## $ar
200 1# $aTowards trustworthy TrustZone-Assisted TEEs$fDavid Martins Cerdeira$gorient. Sandro Pinto, João Monteiro, Nuno Santos
210 #9 $a[S.l.$cs.n.],$d2024
215 ## $aXVII, 146 p.$cil.$d30 cm
328 #1 $aTese dout. Engenharia Eletrónica e de Computadores, Escola de Engenharia, Universidade do Minho, 2024
700 #1 $aCerdeira,$bDavid Martins$32002398
702 #1 $aPinto,$bSandro Emanuel Salgado$4727$31709779
702 #1 $96$aMonteiro,$bJoão$4727$32002400
702 #1 $98$aSantos,$bNuno$4727$32002403
801 #0 $aPT$bBN$gRPC
966 ## $lBN$mFGMON$x1
971 ## $corlando$d20260702

OpendataBNP@bnportugal.pt | Mais informação sobre acesso aos dados BNP